00654nam a2200205Ia 4500008004100000020001500041082001300056100001700069245003700086250000800123260002500131300000800156500002400164650001500188700001900203942000700222952010200229952010200331999001500433230524s9999 xx 000 0 und d a8123909802 a537bLOR aPaul Lorrain 0aElectromagnetic Fields and Waves a2ND aNEW DELHIbCBSc2003 a706 aQuantity Number: 2 aElectrical a Dale R.Corson cBK 00104070aTATCLbTATCLcGENd2023-05-24l0o537 LORp7440r2023-05-24w2023-05-24yBKzCPEE5307 00104070aTATCLbTATCLcGENd2023-05-24l0o537 LORp7441r2023-05-24w2023-05-24yBKzCPEE5307 c8975d8975